The cross and the switchblade: Dave Wilkerson's courageous mission
En 1958, el pastor pentecostal David Wilkerson de Las Asambleas de Dios se ve conmovido por un artículo en la revista Life sobre siete adolescentes que son miembros de una banda criminal. Solo y con poco dinero, irá a Brooklyn, a veces arriesgando su vida, para hablar de Jesús con miembros de una pa...
Guardat en:
| Altres autors: | |
|---|---|
| Format: | Video Globus |
| Idioma: | anglès espanyol portuguès rus francès italià alemany polonès |
| Publicat: |
Estados Unidos
Gateway Films
1970
|
| Matèries: | |
| Etiquetes: |
Afegir etiqueta
Sense etiquetes, Sigues el primer a etiquetar aquest registre!
|
MARC
| LEADER | 00000nam a22000007a 4500 | ||
|---|---|---|---|
| 003 | CL-ChUAC | ||
| 005 | 20201116105152.0 | ||
| 006 | g | ||
| 007 | v | ||
| 007 | d | ||
| 008 | 201116s1970 xxu||||| |||| 000 ||eng | ||
| 040 | |a CL-ChUAC |c CL-ChUAC | ||
| 041 | 1 | |a eng |a spa |a por |a rus |a fre |a ita |a ger |a pol |b eng | |
| 082 | 0 | 0 | |2 22 |a 248.24 |
| 245 | 1 | 0 | |a The cross and the switchblade: |b Dave Wilkerson's courageous mission |c [dirigido por] Don Murray |h [videograbación] |
| 260 | |a Estados Unidos |b Gateway Films |c 1970 | ||
| 300 | |a 1 DVD (105 minutos aproximadamente) |b sonido, color | ||
| 336 | |a imagen en movimiento bidimensional |b tdi | ||
| 337 | |a proyectado |b g | ||
| 338 | |a videodisco |b vd | ||
| 500 | |a Basada en The Cross and the Switchblade de David Wilkerson y John and Elizabeth Sherrill | ||
| 511 | 1 | |a Elenco parcial: Pat Boone, Erik Estrada, Jacqueline Giroux, Jo-Ann Robinson, Dino de Filippi | |
| 520 | 1 | |a En 1958, el pastor pentecostal David Wilkerson de Las Asambleas de Dios se ve conmovido por un artículo en la revista Life sobre siete adolescentes que son miembros de una banda criminal. Solo y con poco dinero, irá a Brooklyn, a veces arriesgando su vida, para hablar de Jesús con miembros de una pandilla callejera. Lo marcará especialmente un encuentro, el de Nicky Cruz, miembro de una pandilla callejera, los "Mau Maus". | |
| 521 | |a Todo espectador (Se recomienda supervisión por un adulto) | ||
| 546 | |a En Inglés, español, portugués, ruso, francés, italiano, alemán y polaco, con subtítulos opcionales en inglés. | ||
| 650 | 4 | |a CONVERSION | |
| 700 | 1 | |a Murray, Don |e director | |
| 942 | |2 ddc |c MDVD | ||
| 945 | |0 lss | ||
| 952 | |0 0 |1 0 |2 ddc |4 0 |5 1 |6 DVD_248_240000000000000_C_951 |7 1 |9 1168558 |a UNACH |b UNACH |c HEM |d 2020-11-16 |i 339 |l 0 |o DVD 248.24 / C 951 |p 105301 |r 2020-11-16 00:00:00 |t 1 |w 2020-11-16 |y MDVD | ||
| 999 | |c 2365869 |d 2365869 | ||